00696nam a2200241 a 4500001001300000003000900013005001700022008004100039020001000080082001600090100003400106245001800140260003700158300000900195500003500204505000800239650002400247700003400271902000800305942000700313952011700320999001700437nice12345678IN_TiNIC20260116013408.0050524s1995 hyda grp 000 0 ara  ac34200a297.23bJAW aJawziya, Shamsuddin A Abdulla aKitab-Ur-Rooh aHyderabadbDairatul Maarifc1995 a460p aincludes index and biblioraphy2 a71p aEschatology-Islamic1 aJawziya, Shamsuddin A Abdulla bSRS cBK 001040708StackRoom-aHMIbHMId2007-07-13g342.00l0o297.23 JAWp018923r2007-07-13v342.00w2005-05-24yBK c10847d10847